[Event "Tourn. n9663"]
[Site "www.chess-mail.com"]
[Date "2018.01.13"]
[Round "1"]
[White "Falcoale"]
[Black "Osopanda"]
[WhiteElo "1840"]
[BlackElo "1800"]
[Result "0-1"]
[Round "1"]
1.e4 e5
2.Ng1f3 Nb8c6
3.Bf1c4 Ng8f6
4.d3 d5
5.exd5 Nf6xd5
6.O-O Bc8g4
7.h3 Bg4h5
8.Rf1e1 Bf8c5
9.g4 Bh5g6
10.Nf3xe5 O-O
11.Nb1d2 Nd5f4
12.Kh2 Nc6xe5
13.Re1xe5 Bc5xf2
14.Nd2f3 Nf4e6
15.Kg2 Bf2c5
16.Bc1e3 Bc5xe3
17.Re5xe3 Rf8e8
18.Bc4xe6 Re8xe6
19.Re3xe6 fxe6
20.Nf3e5 Qd8d5
21.Ne5f3 Ra8f8
22.Qd1e2 e5
23.Qe2xe5 Qd5xf3
24.Kh2 Rf8e8
25.Qe5xc7 Re8e2
{ resign }
0-1

[Event "Tourn. n9634"]
[Site "www.chess-mail.com"]
[Date "2018.01.13"]
[Round "1"]
[White "Osopanda"]
[Black "Madz123456"]
[WhiteElo "1800"]
[BlackElo "1690"]
[Result "1-0"]
[Round "1"]
1.e4 c5
2.Ng1f3 e6
3.c3 d5
4.exd5 exd5
5.d4 Ng8f6
6.Bf1d3 Bf8d6
7.O-O O-O
8.Rf1e1 Bc8g4
9.Bc1g5 c4
10.Bd3c2 h6
11.Bg5h4  { time }
1-0

[Event "Tourn. n9675"]
[Site "www.chess-mail.com"]
[Date "2018.01.13"]
[Round "1"]
[White "Caspito"]
[Black "Andychesston"]
[WhiteElo "1900"]
[BlackElo "2010"]
[Result "1-0"]
[Round "1"]
1.e4 e5
2.Ng1f3 Nb8c6
3.Bf1c4 d6
4.c3 Bf8e7
5.d4 Ng8f6
6.d5 Nc6a5
7.Qd1a4 c6
8.Bc1g5 b5
9.Bc4xb5 cxb5
10.Qa4xb5 Bc8d7
11.Qb5d3  { time }
1-0

[Event "Tourn. n9664"]
[Site "www.chess-mail.com"]
[Date "2018.01.13"]
[Round "1"]
[White "Francesco"]
[Black "Fabos12"]
[WhiteElo "2130"]
[BlackElo "2010"]
[Result "0-1"]
[Round "1"]
1.e4 e6
2.d4 d5
3.exd5 exd5
4.Bf1d3 Bf8d6
5.Ng1e2 Bc8e6
6.Bc1f4 g5
7.Bf4xd6 Qd8xd6
8.Nb1d2 f5
9.c3 Ng8f6
10.Qd1c2 Nf6e4
11.f3 Ne4xd2
12.Kxd2 Rh8f8
13.Ne2g3 Nb8d7
14.Ng3xf5 Be6xf5
15.Bd3xf5 Qd6f4
16.Ke2 Rf8xf5
17.Ra1e1 O-O-O
18.Kf2 g4
{ resign }
0-1

[Event "Tourn. n9611"]
[Site "www.chess-mail.com"]
[Date "2018.01.13"]
[Round "1"]
[White "Bluetealeaf"]
[Black "Madz123456"]
[WhiteElo "1620"]
[BlackElo "1670"]
[Result "1-0"]
[Round "1"]
1.e4 c5
2.Qd1f3 Nb8c6
3.c3 Ng8f6
4.Bf1c4 e6
5.Ng1e2 Nc6e5
6.Qf3e3 Ne5xc4
7.Qe3d3 Nc4e5
8.Qd3e3 c4
9.Ne2d4 Ne5d3
10.Kf1 Nd3xc1
11.d3 Nc1xd3
12.Nb1d2 Nf6g4
13.Qe3f3 Ng4xf2
14.Rh1g1 e5
15.Nd4e2 Qd8g5
16.g3 Qg5xd2
17.Kg2  { time }
1-0

[Event "Tourn. n9549"]
[Site "www.chess-mail.com"]
[Date "2018.01.13"]
[Round "1"]
[White "Redapond1"]
[Black "Ztornad"]
[WhiteElo "1650"]
[BlackElo "1630"]
[Result "1-0"]
[Round "1"]
1.d4 d6
2.Bc1f4 Nb8c6
3.d5 Nc6a5
4.c3 Bc8d7
5.Ng1f3 Ng8f6
6.e3 a6
7.Bf1d3 h6
8.O-O e5
9.Bf4g3 Qd8e7
10.e4 Bd7g4
11.h3 Bg4d7
12.b4 Na5c6
13.dxc6 Bd7xc6
14.a4 g5
15.h4 g4
16.Nf3d2 Bf8g7
17.Bd3e2 h5
18.a5 Nf6xe4
19.Nd2xe4 Bc6xe4
20.Nb1d2 Be4d5
21.c4 Bd5c6
22.b5 axb5
23.cxb5 Bc6d5
24.Rf1e1 O-O
25.Nd2c4 Bd5e4
26.f3 gxf3
27.Be2xf3 Be4g6
28.Bf3xb7 Ra8d8
29.a6 Rd8b8
30.Bb7c6 f6
31.a7 Rb8a8
32.Bc6xa8 Rf8xa8
33.Qd1d5 Bg6f7
34.Qd5xa8 Kh7
35.Qa8e4 Bf7g6
36.Qe4e2 d5
37.a8Q Bg6e8
38.Qa8xd5 Bg7f8
39.Qd5e4 Be8g6
40.Qe2xh5 Bf8h6
41.Qe4xg6 { resign }
1-0

[Event "Match"]
[Site "www.echecsemail.com"]
[Date "2018.01.13"]
[Round "1"]
[White "Caspito"]
[Black "Rosario"]
[WhiteElo "1940"]
[BlackElo "1499"]
[Result "1-0"]
[Round "1"]
1.e4 e5
2.Ng1f3 Nb8c6
3.Bf1c4 Qd8e7
4.c3 d6
5.O-O Ng8f6
6.Nf3g5 Bc8e6
7.Ng5xe6 Nc6a5
8.Ne6xf8 Na5xc4
9.Nf8xh7 Rh8xh7
10.Qd1a4 b5
11.Qa4xb5 Kf8
12.Qb5xc4 Nf6g4
13.h3 Ng4f6
14.d3 c5
15.Bc1g5 Qe7e6
16.Qc4xe6 fxe6
17.Bg5xf6 gxf6
18.Nb1d2 Rh7g7
19.Nd2f3 Ra8b8
20.Ra1b1 Kf7
21.a3 d5
22.exd5 exd5
23.b4 cxb4
24.Rb1xb4 Rb8c8
25.Rb4b7 Kf8
26.Rb7xg7  { time }
1-0

[Event "Match"]
[Site "www.echecsemail.com"]
[Date "2018.01.13"]
[Round "1"]
[White "Whitekknight"]
[Black "Rosario"]
[WhiteElo "1930"]
[BlackElo "1499"]
[Result "1-0"]
[Round "1"]
1.d4 d5
2.e4 e6
3.exd5 Qd8xd5
4.Ng1f3 h6
5.Bf1e2 g6
6.Nb1c3 Bf8b4
7.Qd1d3 Bb4xc3
8.Qd3xc3 c6
9.Bc1e3 b5
10.O-O Ng8f6
11.Nf3e5 Nf6e4
12.Qc3d3 O-O
13.Be3xh6 Rf8d8
14.c3 f6
15.Ne5f3 Kh7
16.Bh6f4 Qd5f5
17.Bf4e3 Nb8a6
18.h3 e5
19.g4 Qf5e6
20.Qd3xe4 Bc8b7
21.Be2d3 Qe6e7
22.Qe4xg6 Kh8
23.Nf3xe5  { time }
1-0

[Event "Match"]
[Site "www.echecsemail.com"]
[Date "2018.01.13"]
[Round "1"]
[White "Dussek"]
[Black "Pariolinius"]
[WhiteElo "1850"]
[BlackElo "1670"]
[Result "0-1"]
[Round "1"]
1.e4 e5
2.Ng1f3 Nb8c6
3.Bf1b5 Ng8f6
4.O-O Nf6xe4
5.Rf1e1 Ne4d6
6.Bb5xc6 bxc6
7.Nf3xe5 Bf8e7
8.Nb1c3 O-O
9.d3 Ra8b8
10.Qd1g4 Nd6e8
11.h4 d6
12.Ne5xc6 Bc8xg4
13.Nc6xd8 Rb8xd8
14.g3 Be7f6
15.Nc3e4 Bf6d4
16.c3 Bd4b6
17.d4 d5
18.Ne4c5 Bb6xc5
19.dxc5 c6
20.Bc1f4 Ne8f6
21.Bf4d6 Rf8e8
22.b4 Nf6e4
23.Ra1c1 Ne4xd6
24.cxd6 Bg4e6
25.a3 Rd8xd6
26.f4 Kf8
27.Kf2 Be6g4
28.Re1e3 Re8xe3
29.Kxe3 Rd6e6
30.Kd4 h6
31.Kd3 Ke7
32.Kd2 Re6e2
33.Kd3 Re2g2
34.Rc1e1 Kd6
35.Re1e3 Bg4f5
36.Kd4 Rg2a2
37.c4 Ra2d2
38.Kc3 Rd2c2
39.Kb3 dxc4
40.Ka4 Bf5d3
41.g4 Rc2e2
42.Re3g3 Re2d2
43.Rg3e3 c3
44.Re3e8 c2
45.Re8d8 Kc7
46.Rd8f8 Bd3c4
47.Rf8e8 c1Q
48.Re8e7 Kb6
{ resign }
0-1

[Event "Match"]
[Site "www.echecsemail.com"]
[Date "2018.01.13"]
[Round "1"]
[White "Whitekknight"]
[Black "Meskienas"]
[WhiteElo "1990"]
[BlackElo "1809"]
[Result "1-0"]
[Round "1"]
1.e4 c5
2.Ng1f3 d6
3.d4 cxd4
4.Nf3xd4 Ng8f6
5.Nb1c3 a6
6.Bf1e2 e5
7.Nd4f3 Bc8e6
8.O-O Bf8e7
9.Nf3g5 O-O
10.Ng5xe6 fxe6
11.Bc1g5 d5
12.exd5 Nf6xd5
13.Bg5xe7 Nd5xe7
14.Qd1e1 Ne7f5
15.Be2c4 Qd8f6
16.Nc3e4 Qf6g6
17.Ne4g3 Qg6f6
18.Ng3e4 Qf6g6
19.Ne4c5 Qg6f6
20.Nc5xe6 b5
21.Bc4b3 Kh8
22.Ne6xf8 Qf6xf8
23.Qe1xe5 Nb8c6
24.Qe5c3 Ra8c8
25.Qc3d2 Nc6d4
26.Ra1c1 Rc8e8
27.Kh1 Re8d8
28.Rc1d1 { resign }
1-0

[Event "Match"]
[Site "www.echecsemail.com"]
[Date "2018.01.13"]
[Round "1"]
[White "Libiesse"]
[Black "Apdash"]
[WhiteElo "1860"]
[BlackElo "2310"]
[Result "0-1"]
[Round "1"]
1.d4 d5
2.c4 Ng8f6
3.Ng1f3 e6
4.Bc1g5 Bf8e7
5.Nb1c3 c6
6.cxd5 Nf6xd5
7.Bg5xe7 Qd8xe7
8.Nc3xd5 exd5
9.e3 O-O
10.Bf1d3 Bc8g4
11.O-O Nb8d7
12.Bd3e2 f5
13.a3 f4
14.h3 Bg4h5
15.Nf3h2 Bh5xe2
16.Qd1xe2 Ra8e8
17.Ra1e1 Nd7f6
18.Nh2f3 fxe3
19.fxe3 Nf6e4
20.Qe2d3 Ne4g3
21.Rf1f2 Rf8f6
22.b4 h6
23.Kh2 Ng3e4
24.Rf2e2 Qe7d6
25.Nf3e5 Ne4g5
26.Kg1 Qd6e6
27.Ne5g4 Rf6f8
28.Ng4e5 Ng5e4
29.Qd3c2 Rf8f5
30.Ne5d3 Rf5g5
31.Nd3f4 Qe6d7
32.Qc2d3 Rg5g3
33.Qd3c2 Qd7f7
34.Re1f1 Re8f8
35.Rf1f3 g5
36.Rf3xg3 Ne4xg3
37.Re2f2 Ng3e4
38.Rf2f3 gxf4
39.Rf3xf4 Qf7h5
40.Rf4g4 Kh8
{ resign }
0-1

[Event "Match"]
[Site "www.echecsemail.com"]
[Date "2018.01.13"]
[Round "1"]
[White "Juodivarnai"]
[Black "Hundegana"]
[WhiteElo "2040"]
[BlackElo "2020"]
[Result "0-1"]
[Round "1"]
1.e4 c5
2.Ng1f3 Nb8c6
3.Bf1b5 Nc6d4
4.Nf3xd4 cxd4
5.O-O e5
6.c3 Qd8b6
7.Bb5e2 dxc3
8.bxc3 Ng8f6
9.d3 Bf8e7
10.Nb1d2 a6
11.Nd2b3 O-O
12.Bc1e3 Qb6c7
13.Ra1c1 Rf8e8
14.f4 d6
15.Be2f3 Bc8d7
16.d4 exf4
17.Be3xf4 Bd7a4
18.Qd1d2 Ba4xb3
19.axb3 Nf6d7
20.c4 Qc7d8
21.Qd2f2 Be7g5
22.Qf2d2 Bg5xf4
23.Qd2xf4 Qd8f6
24.Qf4g3 Qf6xd4
25.Kh1 Nd7e5
26.Rc1d1 Qd4c5
27.Rd1d5 Qc5e3
28.Rf1b1 Ne5xf3
29.Qg3xf3 Qe3xe4
30.Qf3xe4 Re8xe4
31.Rd5xd6 Ra8e8
32.h3 Re4e1
33.Rb1xe1 Re8xe1
34.Kh2 Re1e8
35.Rd6d7 Re8b8
36.c5 Kf8
37.b4 Ke8
38.Rd7c7 b6
39.c6 h6
40.Rc7a7 a5
41.bxa5 bxa5
42.Ra7xa5 Rb8c8
43.Ra5a6 Rc8c7
44.Kg3 Ke7
45.Ra6b6 Kd6
46.Rb6b1 Rc7xc6
47.Rb1b7 Ke6
48.Kf4 g6
49.g4 g5
50.Kf3 f5
51.gxf5 Kxf5
52.Rb7b4 Rc6c5
53.Kg3 h5
54.Rb4a4 h4
55.Kf3 Rc5c3
56.Kg2 Rc3e3
57.Ra4b4 Re3e4
58.Rb4b3 Re4e2
59.Kf3 Re2e5
60.Rb3b4 Re5d5
61.Rb4c4 Rd5d3
62.Kg2 Rd3e3
63.Rc4a4 Re3e4
64.Ra4a3 g4
65.hxg4 Kxg4
66.Ra3b3 Re4e2
67.Kf1 Re2e4
68.Kg2 Re4f4
69.Rb3c3 Rf4d4
70.Rc3b3 Rd4d2
71.Kg1 h3
72.Rb3b1 Kg3
73.Rb1c1 Rd2f2
74.Rc1b1 Rf2g2
 { time }
0-1

[Event "Fast Game"]
[Site "www.echecsemail.com"]
[Date "2018.01.13"]
[Round "1"]
[White "Piriot"]
[Black "Izastar"]
[WhiteElo "1789"]
[BlackElo "1599"]
[Result "0-1"]
[Round "1"]
1.Ng1f3 f5
2.d4 Ng8f6
3.c4 e6
4.Nb1c3 Bf8e7
5.g3 O-O
6.Bf1g2 d6
7.O-O Qd8e8
8.b3 Nb8c6
9.Bc1b2 Bc8d7
10.d5 Nc6d8
11.dxe6 Nd8xe6
12.Ra1c1 c6
 { time }
0-1

[Event "Tourn. n9609"]
[Site "www.chess-mail.com"]
[Date "2018.01.14"]
[Round "1"]
[White "Pdebonis"]
[Black "Numanoid"]
[WhiteElo "2700"]
[BlackElo "2390"]
[Result "1-0"]
[Round "1"]
1.d4 g6
2.e4 Bf8g7
3.Nb1c3 d6
4.f4 Ng8f6
5.Ng1f3 c5
6.Bf1b5 Bc8d7
7.e5 Nf6g4
8.Bb5xd7 Qd8xd7
9.h3 cxd4
10.Qd1xd4 Nb8c6
11.Qd4d3 Ng4h6
12.Bc1e3 Nh6f5
13.O-O-O Nf5xe3
14.Qd3xe3 O-O
15.Rh1e1 Rf8d8
16.Nf3g5 Qd7c8
17.e6 f5
18.Nc3d5 Rd8f8
19.g4 { resign }
1-0

[Event "Tourn. n9653"]
[Site "www.chess-mail.com"]
[Date "2018.01.14"]
[Round "1"]
[White "Dussek"]
[Black "Claudia"]
[WhiteElo "1850"]
[BlackElo "1970"]
[Result "0-1"]
[Round "1"]
1.d4 Ng8f6
2.Ng1f3 g6
3.Nb1c3 Bf8g7
4.e4 d6
5.h3 O-O
6.Bf1d3 c5
7.d5 a6
8.Bc1e3 b5
9.a3 Bc8b7
10.O-O Nb8d7
11.Be3f4 Nf6h5
12.Bf4h2 b4
13.axb4 cxb4
14.Nc3a4 Nd7b6
15.b3 Bg7xa1
16.Qd1xa1 Nb6xa4
17.Qa1xa4 Qd8b6
18.g4 Nh5f6
19.Qa4a1 Rf8c8
20.e5 dxe5
21.Qa1xe5 Nf6xd5
22.Nf3d2 Qb6f6
23.Qe5e1 Qf6h4
24.Bd3e4 Qh4xh3
25.Be4g2 Qh3xg4
26.Nd2f3 Nd5f4
27.Bh2xf4 Bb7xf3
28.Bf4g3 Rc8xc2
29.Qe1e3 Bf3xg2
30.Kxg2 h5
31.Qe3f3 Qg4xf3
32.Kxf3 Rc2c3
33.Kg2 Rc3xb3
34.Rf1e1 e6
35.Bg3d6 a5
36.Re1e4 Ra8a6
37.Bd6c7 a4
{ resign }
0-1

[Event "Tourn. n9665"]
[Site "www.chess-mail.com"]
[Date "2018.01.14"]
[Round "1"]
[White "Goofy"]
[Black "Szustan"]
[WhiteElo "2340"]
[BlackElo "2560"]
[Result "0-1"]
[Round "1"]
1.e4 e5
2.Ng1f3 Nb8c6
3.Bf1c4 Ng8f6
4.d3 Bf8e7
5.c3 O-O
6.Bc4b3 d5
7.Qd1e2 dxe4
8.dxe4 Bc8g4
9.h3 Bg4h5
10.g4 Bh5g6
11.Nb1d2 Nf6d7
12.Nd2f1 Nd7c5
13.Bb3c2 Nc5e6
14.Nf1g3 f6
15.Ng3f5 Bg6f7
16.Bc1e3 Be7c5
17.Be3d2 Kh8
18.O-O-O Qd8b8
19.g5 Bf7h5
20.gxf6 Rf8xf6
21.Bd2e3 g6
22.Be3xc5 Ne6xc5
23.Nf5h4 Rf6xf3
24.Nh4xf3 Qb8f8
{ resign }
0-1

[Event "Tourn. n9554"]
[Site "www.chess-mail.com"]
[Date "2018.01.14"]
[Round "1"]
[White "Pachi"]
[Black "Passaroa25"]
[WhiteElo "1640"]
[BlackElo "1680"]
[Result "1-0"]
[Round "1"]
1.e4 c6
2.c3 d6
3.f3 Bc8e6
4.d4 f6
5.d5 Be6f7
6.dxc6 bxc6
7.b3 e5
8.c4 Ng8e7
9.g3 Ne7g6
10.Bf1g2 Bf8e7
11.f4 O-O
12.fxe5 Ng6xe5
13.Bc1f4 Nb8d7
14.Bf4xe5 Nd7xe5
15.Nb1c3 Qd8a5
16.Ng1e2 Qa5c7
17.O-O Ne5g4
18.Qd1d4 Ng4e5
19.a3 Qc7b7
20.Rf1b1 Qb7b6
21.b4 Ne5xc4
22.Kh1 Qb6xd4
23.Ne2xd4 Ra8c8
24.b5 Nc4a5
25.a4 Na5c4
26.bxc6 Nc4d2
27.Rb1b7 Nd2b3
28.Nd4xb3 Bf7xb3
29.Rb7xe7 Rc8xc6
30.Nc3b5 a5
31.e5 dxe5
32.Bg2xc6 h5
33.Nb5d6 Bb3c2
34.Nd6b7 Rf8f7
35.Re7e8 Kh7
36.Nb7xa5 Kg6
37.h4 Bc2f5
38.Ra1g1 Bf5g4
39.Bc6e4 Bg4f5
40.Be4xf5 Kxf5
41.Na5c4 Kg4
42.a5 Kf5
43.Nc4d6 Kg6
44.Nd6xf7 Kxf7
45.Re8b8 Kg6
46.a6 e4
47.a7 e3
48.a8Q Kf5
49.Rb8b5 Kg6
50.Qa8e4 Kf7
51.Qe4xe3 Kg6
52.g4 hxg4
53.Rg1xg4 Kh7
54.Rb5h5 Kg8
55.Qe3e8 
1-0

[Event "Tourn. n9605"]
[Site "www.chess-mail.com"]
[Date "2018.01.14"]
[Round "1"]
[White "Hundegana"]
[Black "Bigrezi"]
[WhiteElo "2060"]
[BlackElo "2220"]
[Result "1/2-1/2"]
[Round "1"]
1.e4 e5
2.Ng1f3 Nb8c6
3.Bf1b5 Ng8f6
4.d3 d6
5.O-O Bf8e7
6.Bb5xc6 bxc6
7.c3 O-O
8.h3 Bc8e6
9.Nb1d2 c5
10.c4 Nf6d7
11.Nd2b3 Nd7b6
12.Nb3a5 Qd8e8
13.Nf3h2 f5
14.f3 Qe8g6
15.Qd1e2 f4
16.Bc1d2 Rf8f6
17.Na5c6 Qg6e8
18.Nc6xe7 Qe8xe7
19.b3 Rf6g6
20.Kh1 Nb6d7
21.a3 a5
22.a4 Nd7b8
23.Bd2e1 Nb8c6
24.Ra1b1 Ra8b8
25.Rf1g1 Be6d7
26.g3 fxg3
27.Rg1xg3 Rg6xg3
28.Be1xg3 Bd7xh3
29.Nh2g4 Nc6d4
30.Qe2h2 Bh3xg4
31.fxg4 Rb8f8
32.Kg2 Qe7f6
33.Qh2h1 Qf6f3
34.Kh3 Nd4e2
35.Qh1xf3 Rf8xf3
36.Rb1e1 Ne2xg3
37.Kg2 Rf3xd3
38.Re1b1 Ng3xe4
{ draw }
1/2-1/2

[Event "Tourn. n9642"]
[Site "www.chess-mail.com"]
[Date "2018.01.14"]
[Round "1"]
[White "Dussek"]
[Black "Madz123456"]
[WhiteElo "1880"]
[BlackElo "1720"]
[Result "1-0"]
[Round "1"]
1.e4 c5
2.c3 Ng8f6
3.e5 Nf6d5
4.d4 cxd4
5.cxd4 d6
6.Ng1f3 e6
7.Bf1b5 Bc8d7
8.Bb5xd7 Nb8xd7
9.O-O dxe5
10.dxe5 Bf8e7
11.Bc1d2 O-O
12.Nb1c3  { time }
1-0

[Event "Tourn. n9614"]
[Site "www.chess-mail.com"]
[Date "2018.01.14"]
[Round "1"]
[White "Prize64"]
[Black "Johnmcbride"]
[WhiteElo "2030"]
[BlackElo "2040"]
[Result "1-0"]
[Round "1"]
1.e4 e5
2.Ng1f3 Nb8c6
3.Bf1c4 Ng8f6
4.d3 d5
5.exd5 Nf6xd5
6.O-O Bc8g4
7.h3 Bg4e6
8.Rf1e1 Bf8d6
9.d4 O-O
10.dxe5 Bd6e7
11.c3 Nd5xc3
12.Qd1xd8 Ra8xd8
13.Bc4xe6 Nc3xb1
14.Be6b3 Be7b4
15.Bc1g5 Bb4xe1
16.Bg5xd8 Nc6xd8
17.Ra1xb1 Be1b4
18.Rb1d1 h6
19.Rd1d7 Nd8e6
20.Bb3xe6 fxe6
21.Rd7xc7 Rf8f7
22.Rc7xf7 Kxf7
23.Kf1 a5
24.Ke2 g5
25.Kd3 Bb4c5
26.Nf3d4 Bc5xd4
27.Kxd4 Kg6
28.g4 h5
29.Kc5 hxg4
30.hxg4 Kf7
31.Kd6 b5
32.a3 b4
33.axb4 axb4
34.b3 Ke8
35.Kxe6 { resign }
1-0

[Event "Tourn. n9649"]
[Site "www.chess-mail.com"]
[Date "2018.01.14"]
[Round "1"]
[White "Madz123456"]
[Black "Mozgegorov"]
[WhiteElo "1740"]
[BlackElo "1709"]
[Result "0-1"]
[Round "1"]
1.e4 e5
2.Ng1f3 Nb8c6
3.Bf1c4 h6
4.d4 exd4
5.Nf3xd4 Nc6xd4
6.Qd1xd4 c5
7.Qd4e3 d6
 { time }
0-1

[Event "Tourn. n9597"]
[Site "www.chess-mail.com"]
[Date "2018.01.14"]
[Round "1"]
[White "Tartan"]
[Black "Numanoid"]
[WhiteElo "2600"]
[BlackElo "2400"]
[Result "1-0"]
[Round "1"]
1.e4 Nb8c6
2.d4 d5
3.Nb1c3 dxe4
4.d5 Nc6e5
5.Qd1d4 Ne5g6
6.Bf1b5 Bc8d7
7.Ng1e2 Ng8f6
8.Bc1g5 a6
9.Bb5xd7 Qd8xd7
10.O-O-O h6
11.Bg5xf6 gxf6
12.Nc3xe4 Bf8g7
13.Ne4c5 Qd7c8
14.Qd4a4 b5
15.Qa4e4 O-O
16.Ne2d4 c6
17.dxc6 e6
18.Nc5d7 f5
19.Qe4e3 Rf8d8
20.Nd7b6 Qc8c7
21.Nb6xa8 Rd8xa8
22.Kb1 { resign }
1-0

[Event "Tourn. n9634"]
[Site "www.chess-mail.com"]
[Date "2018.01.14"]
[Round "1"]
[White "Madz123456"]
[Black "Redapond1"]
[WhiteElo "1720"]
[BlackElo "1660"]
[Result "0-1"]
[Round "1"]
1.e4 e5
2.Ng1f3 Nb8c6
3.d4 exd4
4.Nf3xd4 Bf8c5
5.Nd4xc6 Qd8f6
6.Qd1f3 Qf6xf3
7.gxf3 dxc6
8.Bc1f4 Bc5d6
9.Bf4e3 Ng8e7
 { time }
0-1

[Event "Tourn. n9649"]
[Site "www.chess-mail.com"]
[Date "2018.01.14"]
[Round "1"]
[White "Madz123456"]
[Black "Falcoale"]
[WhiteElo "1740"]
[BlackElo "1840"]
[Result "0-1"]
[Round "1"]
1.e4 c5
2.Ng1f3 Nb8c6
3.Bf1b5 e6
4.O-O a6
5.Bb5xc6 bxc6
6.e5 Ng8e7
7.b3 Ne7d5
8.c4 Nd5b6
9.Nb1c3 Bf8e7
10.Nc3e4 d5
 { time }
0-1

[Event "Tourn. n9673"]
[Site "www.chess-mail.com"]
[Date "2018.01.14"]
[Round "1"]
[White "Apdash"]
[Black "Seger"]
[WhiteElo "2330"]
[BlackElo "2780"]
[Result "0-1"]
[Round "1"]
1.d4 d5
2.Ng1f3 Ng8f6
3.e3 e6
4.c4 c5
5.Nb1c3 a6
6.Bf1e2 dxc4
7.Be2xc4 b5
8.Bc4d3 Bc8b7
9.O-O Nb8d7
10.Qd1e2 Ra8c8
11.Bc1d2 Bf8d6
12.Ra1c1 O-O
13.dxc5 Nd7xc5
14.Bd3b1 b4
15.Nc3d1 a5
16.Rc1xc5 Bb7xf3
17.Rc5xc8 Bd6xh2
18.Kh1 Bf3xe2
19.Rc8xd8 Rf8xd8
20.Kxh2 Be2xf1
{ resign }
0-1

[Event "Tourn. n9633"]
[Site "www.chess-mail.com"]
[Date "2018.01.14"]
[Round "1"]
[White "Madz123456"]
[Black "Redapond1"]
[WhiteElo "1720"]
[BlackElo "1660"]
[Result "0-1"]
[Round "1"]
1.e4 e5
2.Ng1f3 Nb8c6
3.d4 exd4
4.Nf3xd4 Bf8c5
5.Bc1e3 Qd8f6
6.c3 Ng8e7
7.Bf1c4 O-O
8.O-O d6
9.Nd4xc6 Ne7xc6
 { time }
0-1

[Event "Tourn. n9634"]
[Site "www.chess-mail.com"]
[Date "2018.01.14"]
[Round "1"]
[White "Libiesse"]
[Black "Madz123456"]
[WhiteElo "1850"]
[BlackElo "1690"]
[Result "1-0"]
[Round "1"]
1.d4 Ng8f6
2.c4 e6
3.Ng1f3 d5
4.Bc1g5 Bf8e7
5.Nb1c3 h6
6.Bg5h4 O-O
7.e3 b6
8.cxd5 Nf6xd5
9.Bh4xe7 Qd8xe7
10.Nf3e5 Nd5xc3
11.bxc3 Bc8b7
12.f3 Nb8d7
13.Ne5xd7 Qe7xd7
14.Bf1c4  { time }
1-0

[Event "Tourn. n9658"]
[Site "www.chess-mail.com"]
[Date "2018.01.14"]
[Round "1"]
[White "Rons"]
[Black "Coolant"]
[WhiteElo "2710"]
[BlackElo "2360"]
[Result "1-0"]
[Round "1"]
1.e4 Nb8c6
2.Ng1f3 e5
3.Bf1b5 f5
4.Nb1c3 fxe4
5.Nc3xe4 Ng8f6
6.Ne4xf6 Qd8xf6
7.Qd1e2 Bf8e7
8.Bb5xc6 dxc6
9.Nf3xe5 Bc8f5
10.d3 O-O-O
11.O-O Be7d6
12.f4 Rh8e8
13.Bc1d2 g5
14.Qe2f2 gxf4
15.Ne5c4 b6
16.Bd2xf4 Bf5g6
17.Bf4xd6 Qf6xf2
18.Kxf2 cxd6
19.Ra1e1 Kd7
20.Nc4e3 Re8f8
21.Ke2 Rd8e8
22.g4 d5
23.Rf1xf8 Re8xf8
24.Re1f1 Rf8e8
25.c3 c5
26.Kd2 Ke6
27.h4 h6
28.Rf1e1 h5
29.Ne3c4 Kf6
30.g5 Kg7
31.Re1xe8 Bg6xe8
32.Nc4d6 Be8d7
33.Ke3 { resign }
1-0

[Event "Tourn. n9587"]
[Site "www.chess-mail.com"]
[Date "2018.01.14"]
[Round "1"]
[White "Falcoale"]
[Black "Orhany24"]
[WhiteElo "2010"]
[BlackElo "2120"]
[Result "0-1"]
[Round "1"]
1.e4 e5
2.Ng1f3 Nb8c6
3.Bf1c4 Ng8f6
4.O-O Bf8e7
5.Rf1e1 O-O
6.Nb1c3 d6
7.d4 Bc8g4
8.Bc1e3 exd4
9.Be3xd4 a6
10.h3 Bg4h5
11.Re1e3 Nc6xd4
12.Bc4e2 Nd4xe2
13.Re3xe2 Qd8d7
14.Qd1d3 Ra8d8
15.Re2e3 c6
16.Nf3d4 d5
17.exd5 Nf6xd5
18.Nc3xd5 cxd5
19.Ra1e1 Be7c5
20.c3 Bh5g6
21.Qd3e2 Bc5xd4
22.cxd4 Bg6e4
23.Re3g3 Rf8e8
24.Rg3e3 Kf8
25.Qe2h5 Be4g6
26.Qh5g5 Re8xe3
27.fxe3 Rd8e8
28.b3 Qd7f5
29.Qg5g3 Qf5d7
30.Re1c1 Re8c8
31.Rc1xc8 Qd7xc8
32.Qg3d6 Ke8
33.Qd6xd5 Kf8
34.e4 Kg8
35.e5 h6
36.Kh2 Qc8c6
37.Qd5xc6 bxc6
38.Kg3 Bg6e4
39.Kf2 Kf8
40.g3 Ke7
41.Ke3 Be4d5
42.h4 f6
43.Kf4 Ke6
44.exf6 Kxf6
45.g4 g5
46.hxg5 hxg5
47.Kg3 Ke6
48.Kf2 Kd6
49.Ke3 c5
50.Kd3 cxd4
51.Kxd4 Bd5f3
52.a3 Bf3xg4
53.b4 Bg4e2
54.Ke3 Be2b5
{ resign }
0-1

[Event "Tourn. n9609"]
[Site "www.chess-mail.com"]
[Date "2018.01.14"]
[Round "1"]
[White "Pdebonis"]
[Black "Apdash"]
[WhiteElo "2700"]
[BlackElo "2280"]
[Result "1-0"]
[Round "1"]
1.e4 e5
2.Ng1f3 Nb8c6
3.Bf1b5 d6
4.d4 exd4
5.Nf3xd4 Bc8d7
6.Nb1c3 Ng8f6
7.O-O Bf8e7
8.Bb5xc6 bxc6
9.Qd1f3 c5
10.Nd4f5 Bd7xf5
11.Qf3xf5 O-O
12.Rf1d1 Qd8c8
13.Qf5xc8 Rf8xc8
14.f3 Nf6d7
15.Nc3d5 Be7f8
16.b3 Nd7b6
17.Kf1 c6
18.Nd5xb6 axb6
19.Bc1f4 Rc8d8
20.a4 d5
21.Bf4c7 Rd8d7
22.Bc7xb6 d4
23.a5 Rd7b7
24.Ke2 f6
25.Kd3 Bf8d6
26.Kc4 Bd6xh2
27.Bb6xc5 Rb7b5
28.b4 Ra8b8
29.Rd1xd4 Bh2e5
30.c3 Be5xd4
31.cxd4 g5
32.a6 Kf7
33.a7 Rb8a8
34.d5 Rb5xc5
35.Kxc5 cxd5
36.exd5 Ke7
37.Kc6 { resign }
1-0

[Event "Tourn. n9638"]
[Site "www.chess-mail.com"]
[Date "2018.01.14"]
[Round "1"]
[White "Passaroa25"]
[Black "Canario"]
[WhiteElo "1680"]
[BlackElo "1840"]
[Result "1-0"]
[Round "1"]
1.Nb1c3 e5
2.e4 Ng8f6
3.f3 Nb8c6
4.d3 Bf8b4
5.Ng1e2 d5
6.Ne2g3 d4
7.a3 Bb4xc3
8.bxc3 dxc3
9.Bf1e2 Qd8d4
10.Ng3f5 Qd4c5
11.Bc1e3 Nc6d4
12.Nf5xg7 Kf8
13.Ng7f5 Bc8xf5
14.exf5 Nd4xc2
15.Qd1xc2  { time }
1-0

[Event "Tourn. n9644"]
[Site "www.chess-mail.com"]
[Date "2018.01.14"]
[Round "1"]
[White "Falcoale"]
[Black "Madz123456"]
[WhiteElo "1820"]
[BlackElo "1740"]
[Result "1-0"]
[Round "1"]
1.e4 e6
2.d4 d5
3.e5 Ng8e7
4.Ng1f3 c5
5.c3 Nb8c6
6.Bf1e2 Ne7f5
7.Bc1e3 Nf5xe3
8.fxe3 g6
9.O-O Bf8h6
10.Qd1d2 Qd8a5
11.dxc5 Qa5xc5
12.Kh1  { time }
1-0

[Event "Tourn. n9615"]
[Site "www.chess-mail.com"]
[Date "2018.01.14"]
[Round "1"]
[White "Gearoidmac"]
[Black "Numanoid"]
[WhiteElo "2340"]
[BlackElo "2390"]
[Result "1-0"]
[Round "1"]
1.e4 Nb8c6
2.Ng1f3 d5
3.exd5 Qd8xd5
4.Nb1c3 Qd5a5
5.d4 Ng8f6
6.Bf1e2 Nf6e4
7.Bc1d2 Ne4xd2
8.Qd1xd2 Bc8f5
9.O-O O-O-O
10.a3 a6
11.b4 Qa5b6
12.Nc3a4 Qb6a7
13.Na4c5 e6
14.Qd2c3 Bf8e7
15.Ra1d1 Qa7b6
16.Be2d3 Bf5xd3
17.Rd1xd3 g5
18.d5 exd5
19.Rd3xd5 Rd8xd5
20.Qc3xh8 Rd5d8
21.Qh8xh7 g4
22.Qh7f5 Kb8
23.Qf5xg4 Be7xc5
24.bxc5 Qb6xc5
25.Qg4a4 Nc6d4
26.Nf3xd4 Qc5xd4
27.Qa4xd4 Rd8xd4
28.g3 Rd4c4
29.h4 Rc4xc2
30.g4 { resign }
1-0

[Event "Match"]
[Site "www.echecsemail.com"]
[Date "2018.01.14"]
[Round "1"]
[White "Meskienas"]
[Black "Chapi"]
[WhiteElo "1979"]
[BlackElo "2090"]
[Result "0-1"]
[Round "1"]
1.e4 c5
2.Ng1f3 Nb8c6
3.Bf1b5 g6
4.O-O Bf8g7
5.c3 Ng8f6
6.Rf1e1 O-O
7.d4 cxd4
8.cxd4 a6
9.Bb5xc6 bxc6
10.Nb1c3 a5
11.Bc1e3 Ra8b8
12.Ra1b1 Bc8a6
13.e5 Nf6g4
14.Be3g5 f6
15.Bg5h4 Qd8c7
16.h3 Ng4h6
17.Nc3e4 Nh6f5
18.Ne4c5 Ba6c8
19.b3 Nf5xh4
20.Nf3xh4 fxe5
21.dxe5 Bg7xe5
22.Qd1e2 Be5d4
23.Nc5e4 d5
24.Ne4g5 Bd4xf2
{ resign }
0-1

[Event "Match"]
[Site "www.echecsemail.com"]
[Date "2018.01.14"]
[Round "1"]
[White "Sonny1000"]
[Black "Iko"]
[WhiteElo "1520"]
[BlackElo "1630"]
[Result "0-1"]
[Round "1"]
1.e4 e5
2.Nb1c3 Bf8b4
3.a3 Bb4xc3
4.bxc3 Ng8f6
5.h3 Nf6xe4
6.g3 a6
7.Qd1e2 d5
8.d3 Ne4c5
9.d4 Nc5a4
10.Qe2xe5 Qd8e7
11.Ng1e2 Nb8c6
12.Qe5xg7 Qe7f8
13.Qg7f6 Bc8e6
14.Bc1h6 Qf8d6
15.Qf6xh8 Ke7
16.Qh8xa8 Nc6a5
17.Bh6g5 f6
18.Bg5xf6 Kxf6
19.Ne2f4 Na4xc3
20.Nf4xe6 Qd6xe6
21.Kd2 Nc3e4
22.Kc1 Ne4xf2
23.Qa8f8 Qe6f7
24.Qf8xf7 Kxf7
25.Rh1h2 Nf2e4
26.g4 Ne4g3
27.Rh2f2 Kg6
28.Rf2f8 Na5c4
29.Rf8b8 b5
30.Rb8g8 Kf7
31.Rg8c8 Ng3xf1
32.Kd1 Nf1e3
33.Ke2 Ne3xc2
34.Rc8xc7 Kg6
35.Rc7c6 Kg5
36.Ra1f1 Nc2xd4
37.Kd3 Nc4e5
38.Kxd4 Ne5xc6
39.Kxd5 Nc6a5
40.Rf1f7 Kg6
41.Rf7a7 Na5c4
42.Ra7xa6 Kg5
43.Ra6a5 Nc4xa5
44.Kc5 Kh4
45.Kxb5 Na5b3
46.a4 Kxh3
47.g5 Kg4
48.Kc4 Nb3a5
49.Kb5 Kxg5
50.Kxa5 h5
51.Kb5 h4
52.a5 h3
53.Kb6 h2
54.a6 h1Q
55.a7 Qh1a8
56.Ka6 Kf6
57.Kb6 Ke7
58.Ka6 Kd7
59.Kb6 Kc8
60.Ka6 Qa8b7
61.Ka5 Qb7xa7
62.Kb5 Qa7c7
63.Ka6 Kb8
64.Kb5 Kb7
65.Kb4 Kb6
66.Ka4 Qc7c4
67.Ka3 Kb5
68.Kb2 Kb4
69.Ka1 Kb3
70.Kb1 Qc4f1
{ resign }
0-1